000 00184 a2200097 4500
020 _a9788498455694
041 _aspa
100 _aAnonimo
245 _aEmilio esta enfermo
942 _cBK
999 _c15026
_d15026